Tarikh-I-Jahan Gusha (Record no. 571)

MARC details
000 -LEADER
fixed length control field 00607nam a2200241 a 4500
020 ## - INTERNATIONAL STANDARD BOOK NUMBER
ISBN
082 00 - DEWEY DECIMAL CLASSIFICATION NUMBER
Classification number 297.822
Author Cutter JUW
100 ## - MAIN ENTRY--AUTHOR NAME
Author name Juwayni Alaud-Din, Ata Malik
245 ## - TITLE STATEMENT
Title Tarikh-I-Jahan Gusha
Sub title Composed in A.H.658-A.D.1260 Part 3
260 ## - PUBLICATION, DISTRIBUTION, ETC. (IMPRINT)
Place of publication Leiden
Name of publisher E. J. Brill
Year of publication 1937
300 ## - PHYSICAL DESCRIPTION
Number of Pages 593p
500 ## - GENERAL NOTE
General note includes index and biblioraphy
505 2# - FORMATTED CONTENTS NOTE
Formatted contents note Ill, Index
650 ## - SUBJECT ADDED ENTRY--TOPICAL TERM
Topical Term Ismailis-Hitory
650 ## - SUBJECT ADDED ENTRY--TOPICAL TERM
Topical Term Mongols
942 ## - ADDED ENTRY ELEMENTS (KOHA)
Koha item type Books
Holdings
Collection code Home library Current library Date acquired Cost, normal purchase price Full call number Accession Number Koha item type
  Henry Martyn Institute Library Henry Martyn Institute Library 06/29/2007 100.00 297.822 JUW 00479 Books
                   Copyright © 2026 | Henry Martyn Institute | Hyderabad | TS-500052 | INDIA | Implemented by hmi.edu.in
Hit-Count:

Powered by Koha